[Event "Regionalliga NO 9596"]
[Site "Bayern"]
[Date "1996.??.??"]
[Round "?"]
[White "Leichtl, Helge"]
[Black "Radovic, Ljubomir"]
[Result "1-0"]
[WhiteElo "1690"]
[BlackElo "1660"]
[PlyCount "75"]
[EventDate "1995.10.??"]
[EventType "team-tourn"]
[EventRounds "9"]
[EventCountry "GER"]
[SourceTitle "EXT 1999"]
[Source "ChessBase"]
[SourceDate "1998.11.16"]
[SourceVersion "1"]
[SourceVersionDate "1998.11.16"]
[SourceQuality "1"]
[WhiteTeam "Kelheim II"]
[BlackTeam "Gunzenhausen"]
[WhiteTeamCountry "GER"]
[BlackTeamCountry "GER"]

1. e4 c5 2. Nc3 Nc6 3. g3 a6 4. Bg2 g6 5. f4 Bg7 6. d3 d6 7. Nf3 e6 8. 0-0 Nge7 9. Ne2 d5 10. c3 Qb6 11. Kh1 0-0 12. Qc2 d4 13. c4 Bd7 14. Bd2 Rac8 15. h3 Qc7 16. a3 a5 17. Rfb1 b6 18. Nc1 e5 19. Ne2 exf4 20. Bxf4 Ne5 21. Nxe5 Bxe5 22. Qd2 Qd6 23. b4 a4 24. b5 Be6 25. Rf1 f5 26. Kh2 Rf7 27. Rae1 fxe4 28. Bxe4 Bf5 29. Bg2 Bxf4 30. Nxf4 Kg7 31. Rf2 Rcf8 32. Rfe2 Ng8 33. Qc2 g5 34. Ne6+ Bxe6 35. Rxe6 Qb8 36. Qxa4 h5 37. Qd1 h4 38. Qg4 1-0